Представление документа в формате MARC21

Поле Инд. ПП Название Значение
Тип записи a
Библиографический уровень m
001 Контрольный номер e70d10a1-5f90-4e78-9f13-6544395a93b3
005 Дата корректировки 20131111175803.5
008 Кодируемые данные 000802 d
020 c Цена, тираж 10 000-00
080 a Индекс УДК 517
084 a Индекс другой классификации/Индекс ББК В161
090 a Полочн. индекс В161
x Авторский знак М80
100 1_ a Автор Морозов Николай
245 00 a Заглавие Функция
b Продолж. заглавия Нагляд.изложение дифференциал.и интеграл.исчисления и некоторых его прил.к естествознанию и геометрии : Руководство к самостоят.изуч.высш.мат.анализа
260 0_ a Место издания Пб.; Киев
b Издательство Сотрудник
c Дата издания 1912
300 a Объем [2], XII,464 с.
b Иллюстрации/ тип воспроизводства ил
504 a Библиография Указатель: с.461-462
583 k Исполнитель действия Брадис В.М.
650 a Основная рубрика Функции
650 a Основная рубрика Дифференциальное исчисление
650 a Основная рубрика Интегральное исчисление
650 a Основная рубрика Математический анализ
653 a Ключевые слова Дифференциальное исчисление
a Ключевые слова Интегральное исчисление
a Ключевые слова Функции
852 p Инвентарный номер 666994
999 a Подразделение 2 фил3